25 Personnages dans les films de Quentin Tarantino (Mort subite) - Statistiques

Statistiques générales
  • Ce quiz a été pris 483 fois
  • Le résultat moyen est 9 sur 25
Answers on the Grid
Answers color-coded by a green-red scale on the quiz's grid according to % correct below.
M. White
Vincent Vega
Jules Winnfield
Mia Wallace
Fabienne
Jackie Brown
Ordell Robbie
Ray Nicolette
O-Ren Ishii
Beatrix Kiddo "Black Mamba"
Elle Driver
Stuntman Mike
Abernathy
Zoë
Aldo Raine
Shosanna Dreyfus
Hans Landa
Django Freeman
Calvin J. Candie
Daisy Domergue
Major Marquis Warren
Rick Dalton
Cliff Booth
Pussycat
Sofie Fatale
Martin Riggs
Mark Renton
Rose DeWitt Bukater
Le Lieutenant Dan Taylor
Andy Dufresne
William Somerset
Tyler Durden
Marty McFly
Clarice Sterling
Noman Bates
Teddy Daniels
John Merrick
Jack Torrance
Malcolm Crowe
Christopher McCandless
 
Statistiques - réponses
Réponse % Correct
Django Unchained Django Freeman
75%
Jackie Brown Jackie Brown
73%
Pulp Fiction Vincent Vega
67%
Pulp Fiction Mia Wallace
62%
Reservoir Dogs M. White
53%
Kill Bill Beatrix Kiddo "Black Mamba"
50%
Inglourious Basterds Hans Landa
48%
Inglourious Basterds Shosanna Dreyfus
48%
Once Upon a Time… in Hollywood Pussycat
45%
Once Upon a Time… in Hollywood Cliff Booth
44%
Once Upon a Time… in Hollywood Rick Dalton
43%
Inglourious Basterds Aldo Raine
42%
Kill Bill O-Ren Ishii
40%
Django Unchained Calvin J. Candie
34%
Kill Bill Elle Driver
32%
Pulp Fiction Jules Winnfield
29%
Kill Bill Sofie Fatale
26%
Les Huit Salopards Daisy Domergue
24%
Pulp Fiction Fabienne
24%
Boulevard de la Mort Stuntman Mike
24%
Les Huit Salopards Major Marquis Warren
20%
Boulevard de la Mort Zoë
18%
Jackie Brown Ordell Robbie
11%
Jackie Brown Ray Nicolette
10%
Boulevard de la Mort Abernathy
8%
Aucun quiz correspondant
Distribution des résultats
% des personnes avec chaque résultat
Percentile par nombre de réponses
Votre historique - résultats
Vous n’avez pas pris ce quiz